Tour de france : pays traversés - Statistiques

Statistiques générales
  • Ce quiz a été pris 234 fois
  • Le résultat moyen est 11 sur 12
Statistiques - réponses
pays total % Correct
Espagne 20
99%
Italie 14
99%
Belgique 50
98%
Suisse 37
98%
Allemagne 18
97%
Luxembourg 19
97%
Royaume-Uni 4
96%
Pays-Bas 10
93%
Andorre 6
90%
Danemark 1
87%
Monaco 6
87%
Irlande 1
75%
Aucun quiz correspondant
Distribution des résultats
% des personnes avec chaque résultat
Percentile par nombre de réponses
Votre historique - résultats
Vous n’avez pas pris ce quiz